00695nam a2200205Ia 4500952014800000999001700148003000400165005001700169008004100186020001800227040000900245082002200254100002600276245005600302250001200358260004800370300000900418650001200427942005000439 00102ddc40708FICaMESbMEScENGd2019-02-20g395.00l4m6o894.812371 JOS/Op36803r2024-11-01 14:01:15s2024-10-29w2019-02-20yBKzGR13R2 c14702d14702OSt20201103132702.0190216s9999||||xx |||||||||||||| ||und|| a9780198062165 coclc a894.812371bJOS/O a Joseph, Sarah 95650 0aOthappu The Scent Of The Other Side /cSarah Joseph a1st Ed. bOxford University Press,c2009.aNew Delhi: a286p aEnglish cBK2ddch894.812371iJOS/Ok894.812371mJOS/O